000 00768nas a2200265 4500
001 BR2011006423
003 BR-BrBNA
005 20231205115208.0
007 ta
008 230509b bl.|||p| |||| 00| 00por d
040 _aBR-BrBNA
_bpor
_cBiblioteca Nacional de Agricultura
041 _a(Pt)
072 _aF03
100 1 _aPêgo, R.G.
100 1 _aNunes, U.R.
100 1 _aMassad, M.D.
245 1 _aQualidade fisiológica de sementes e desempenho de plantas de rúcula no campo
650 _aRÚCULA
650 _aSEMENTE
650 _aQUALIDADE
650 _aGERMINAÇÃO
773 0 _tCiência Rural (Brazil)
_xISSN 0103-8478
_g(Aug 2011), v. 41(8) p. 1341-1346
_wBR2011006423
909 _a202311
_bLúcia
_c55
_dLúcia Elande
942 _2AGRIS
_n0
_cANA
999 _c212549
_d212549